Donaldsons retail spotlight (Record no. 106360)
[ view plain ]
| 000 -LEADER | |
|---|---|
| fixed length control field | 01291cam a2200229 4500 |
| 001 - CONTROL NUMBER | |
| control field | l136324 |
| 008 - FIXED-LENGTH DATA ELEMENTS--GENERAL INFORMATION | |
| fixed length control field | 070125n2006 000 0 eng u |
| 035 ## - SYSTEM CONTROL NUMBER | |
| System control number | (Sirsi) u136324 |
| 041 0# - LANGUAGE CODE | |
| Language code of text/sound track or separate title | eng |
| 050 04 - LIBRARY OF CONGRESS CALL NUMBER | |
| Classification number | 333.33 $2 18 |
| 110 2# - MAIN ENTRY--CORPORATE NAME | |
| Corporate name or jurisdiction name as entry element | Donaldsons |
| 9 (RLIN) | 3333 |
| 245 00 - TITLE STATEMENT | |
| Title | Donaldsons retail spotlight |
| Remainder of title | third quarter 2006 |
| Medium | [electronic resource] |
| 260 ## - PUBLICATION, DISTRIBUTION, ETC. | |
| Place of publication, distribution, etc. | London |
| Name of publisher, distributor, etc. | Donaldsons |
| Date of publication, distribution, etc. | 2006 |
| 490 #0 - SERIES STATEMENT | |
| Series statement | Donaldsons Retail Spotlight |
| Volume/sequential designation | third quarter 2006 |
| 505 1# - FORMATTED CONTENTS NOTE | |
| Formatted contents note | Retail sector summary -- High street shops -- Retail warehouses -- Shopping centres -- Sell the retail sector? |
| 520 ## - SUMMARY, ETC. | |
| Summary, etc. | Report that retail capital value growth dropped to under 11% per year during the third quarter 2006, offices returns to have slipped back to 23%, the rate of retail sales value growth to have topped retail rental value growth for the first time in two years, and out of town fashion parks yields to have fell to their lowest for at least five years. Predicts low Christmas sales for retailers, weakness in the retail sector and a mixed outlook for the warehouse sector. |
| 590 ## - LOCAL NOTE (RLIN) | |
| Local note | KA |
| 651 #4 - SUBJECT ADDED ENTRY--GEOGRAPHIC NAME | |
| Geographic name | United Kingdom |
| Chronological subdivision | |
| 690 ## - LOCAL SUBJECT ADDED ENTRY--TOPICAL TERM (OCLC, RLIN) | |
| Topical term or geographic name as entry element | PROPERTY-COMMERCIAL PROPERTY-RETAIL PROPERTY |
| 856 40 - ELECTRONIC LOCATION AND ACCESS | |
| Uniform Resource Identifier | <a href="https://www.donaldsons.co.uk/">https://www.donaldsons.co.uk/</a> |
| Public note | View the item free of charge at http://www.donaldsons.co.uk... |
| 942 ## - ADDED ENTRY ELEMENTS (KOHA) | |
| Suppress in OPAC | 0 |
| Withdrawn status | Lost status | Source of classification or shelving scheme | Damaged status | Not for loan | Home library | Current library | Shelving location | Date acquired | Total Checkouts | Full call number | Barcode | Date last seen | Copy number | Price effective from | Koha item type |
|---|---|---|---|---|---|---|---|---|---|---|---|---|---|---|---|
| Dewey Decimal Classification | Virtual | Virtual | Online | 25/01/2007 | ONLINE PUBLICATION | 136324-2001 | 06/08/2019 | 1 | 06/08/2019 | Book |